[Event "Wch U20"]
[Site "Zagan"]
[Date "1997.07.23"]
[Round "9"]
[White "Jirovsky, Petr"]
[Black "Blanco, Cristobal J"]
[Result "1-0"]
[WhiteElo "2395"]
[BlackElo "2090"]

1.e4 c5 2.Nf3 Nc6 3.Nc3 Nf6 4.Bb5 Qc7 5.O-O Nd4 6.a4 a6 7.Bc4 e6 8.d3 Nxf3+
9.Qxf3 Be7 10.Qe2 d6 11.f4 O-O 12.Bd2 b6 13.Rae1 Rd8 14.Bb3 Bf8 15.f5 exf5
16.Bg5 Be6 17.Bxf6 gxf6 18.Bd5 Ra7 19.exf5 Bc8 20.Qg4+ Kh8 21.Ne4 Bg7 22.Qh4 Bb7
23.Nxf6 h6 24.Ne8 Qc8 25.Nxg7 Kxg7 26.f6+ Kh7 27.Bxb7 Qxb7 28.Re7 Qa8 29.Qh5 Rf8
30.Rf3 Rxe7 31.fxe7  1-0

[Event "Wch U20"]
[Site "Zagan"]
[Date "1997.07.24"]
[Round "10"]
[White "Movsesian, Sergei"]
[Black "Banikas, Hristos"]
[Result "1/2-1/2"]
[WhiteElo "2555"]
[BlackElo "2450"]

1.e4 c5 2.Nf3 Nc6 3.Nc3 g6 4.Bc4 Bg7 5.O-O d6 6.Re1 Nf6 7.d4 cxd4 8.Nxd4 O-O
9.Bb3 Bd7 10.h3 Rc8 11.Bg5 a6 12.Nf3 Ne5 13.Nd5 Nxd5 14.exd5 h6 15.Bc1 a5
16.a4 Qb6 17.Nh2 Rfe8 18.Be3 Qc7 19.Bd4 b5 20.axb5 Bxb5 21.Bc3 Ra8 22.Ba4 Qc4
23.Bxb5 Qxb5 24.Re4 Nd7 25.Bxg7 Kxg7 26.Qd4+ Nf6 27.Ng4 h5 28.c4 Qb4 29.Nxf6  1/2-1/2

[Event "RUS-Cup10"]
[Site "Tomsk"]
[Date "1997.07.26"]
[Round "5"]
[White "Belozerov, Andrei"]
[Black "Smirnov, Pavel"]
[Result "1/2-1/2"]
[WhiteElo "2450"]
[BlackElo "2355"]

1.e4 c5 2.Nf3 Nc6 3.Nc3 Nf6 4.Bb5 e5 5.O-O d6 6.h3 h6 7.d3 Be6 8.Ne2 Be7
9.Ng3 O-O 10.c3 Qb6 11.Ba4 Rfd8 12.Qe2 Qa6 13.Bxc6 Qxc6 14.c4 b5 15.Ne1 bxc4
16.dxc4 Rab8 17.Nc2 a5 18.Rb1 a4 19.Bd2 Rd7 20.Bc3 Rdb7 21.f4 exf4 22.Rxf4 Nd7
23.Ne3 Bg5 24.Nd5 Qa6 25.Rf2 Nb6 26.Nxb6 Rxb6 27.Nh5 Qxc4 28.Qf3 d5 29.Bxg7 Qxe4
30.Nf6+ Bxf6 31.Qxe4 dxe4 32.Bxf6 Bxa2 33.Re1 Bd5 34.Bc3 Rb3 35.Rf5 Rxc3
36.bxc3 Be6 37.Rxc5 a3 38.c4 a2 39.Rb5 Ra8 40.Rd1 Bxc4 41.Rb4 Bd3 42.Rb2 Bb1
43.Rbxb1 axb1=Q 44.Rxb1 Kg7 45.Kf2 Ra3 46.Rb5 Kg6 47.Re5 f5 48.g4 Rf3+ 49.Kg2 Kg5
50.gxf5 Kf4 51.Re6 Kxf5 52.Rxh6 Ke5 53.Ra6 Rf8 54.Ra5+ Kf4  1/2-1/2

[Event "Wch U20"]
[Site "Zagan"]
[Date "1997.07.27"]
[Round "13"]
[White "Najer, Evgeniy"]
[Black "Rowson, Jonathan"]
[Result "1-0"]
[WhiteElo "2515"]
[BlackElo "2490"]

1.e4 c5 2.Nc3 Nc6 3.Bb5 Nd4 4.Bc4 e6 5.Nge2 Ne7 6.Nxd4 cxd4 7.Ne2 Nc6 8.O-O Be7
9.d3 O-O 10.Bb3 b6 11.f4 Bb7 12.Kh1 Kh8 13.f5 d5 14.exd5 Na5 15.Nxd4 Nxb3
16.axb3 Qxd5 17.Qg4 Bf6 18.Be3 exf5 19.Rxf5 Qd7 20.Qf4 Bxd4 21.Bxd4 f6 22.Rf1 Rae8
23.Qf2 Qc6 24.c3 Qd7 25.h3 Re6 26.Kh2 Qe7 27.Qg3 Bc8 28.R5f2 Kg8 29.Rd2 f5
30.Rdf2 g6 31.Rxf5 Rxf5 32.Rxf5 Re2 33.Re5 Rxe5 34.Bxe5 Bf5 35.d4 h5 36.c4 Kh7
37.Qe3 h4 38.Qf4 b5 39.d5 Qd8 40.d6  1-0

[Event "MK Cafe op-A"]
[Site "Koszalin"]
[Date "1997.08.04"]
[Round "2"]
[White "Grabarczyk, Bogdan"]
[Black "Waschk, Armin"]
[Result "1-0"]
[WhiteElo "2445"]
[BlackElo "2245"]

1.e4 c5 2.Nf3 Nc6 3.Nc3 Nf6 4.Bb5 Nd4 5.e5 Nxb5 6.Nxb5 Nd5 7.Ng5 e6 8.Ne4 Be7
9.Nbd6+ Kf8 10.O-O f5 11.Qh5 g6 12.Qh6+ Kg8 13.Nxc5 b6 14.Nb3 Bf8 15.Qh3 Bxd6
16.exd6 Qf8 17.c4 Nf6 18.Qh4 Kf7 19.Qd4 g5 20.d3 Rg8 21.f4 gxf4 22.Bxf4 Bb7
23.Rf2 Qc8 24.Nd2 Ng4 25.Re2 Rg6 26.Rf1 Qc6 27.Nf3 Rag8 28.h3 e5 29.Qxe5 Nxe5
30.Nxe5+ Kf6 31.Nxc6 Bxc6 32.Be5+ Ke6 33.g4  1-0

[Event "Budapest FS08 IM"]
[Site "Budapest"]
[Date "1997.08.07"]
[Round "6"]
[White "Pirisi, Gabor"]
[Black "Schneider, Attila"]
[Result "0-1"]
[WhiteElo "2355"]
[BlackElo "2405"]

1.e4 c5 2.Nc3 Nc6 3.Nf3 g6 4.d4 cxd4 5.Nxd4 Bg7 6.Be3 d6 7.Qd2 Nf6 8.h3 O-O
9.O-O-O Nxd4 10.Bxd4 Be6 11.g4 Qa5 12.a3 Rab8 13.g5 Nh5 14.Bxg7 Nxg7 15.Nd5 Qxd2+
16.Rxd2 Bxd5 17.exd5 f6 18.f4 Nh5 19.f5 Ng3 20.Rg1 Nxf5 21.Bd3 Nh4 22.Re2 Nf3
23.Rg3 Ne5 24.h4 fxg5 25.hxg5 Rbc8 26.b3 Rf4 27.Kd2 Kg7 28.c4 b6 29.Ke3 Rcf8
30.Be4 Rf1 31.Kd4 Rc1 32.Bc2 Rf4+ 33.Kc3 a5 34.Rh3 Rg1  0-1

[Event "BCF-ch"]
[Site "Hove"]
[Date "1997.08.07"]
[Round "4"]
[White "Greet, Andrew"]
[Black "Crouch, Colin S"]
[Result "0-1"]
[WhiteElo "2240"]
[BlackElo "2375"]

1.e4 c5 2.Nc3 Nc6 3.Nge2 e6 4.g3 Nf6 5.Bg2 a6 6.h3 Be7 7.O-O O-O 8.d3 d5
9.exd5 exd5 10.d4 Be6 11.Be3 cxd4 12.Nxd4 Rc8 13.f4 Re8 14.Nxe6 fxe6 15.Ne2 Bd6
16.Nd4 Kh8 17.Qd2 Qc7 18.Nxc6 bxc6 19.c4 c5 20.cxd5 exd5 21.Bf2 d4 22.b3 Qd7
23.Rfe1 Qf5 24.Qa5 h5 25.Qxa6 Red8 26.h4 Ng4 27.Be4 Qf6 28.Qd3 Rf8 29.Bg2 Rc7
30.Re4 Rcf7 31.Rae1 Qf5 32.Qf3 Nf6 33.Re6 Bb8 34.Kh2 Ng4+ 35.Kg1 d3 36.Qe4 c4
37.Qxf5 Rxf5 38.Be4 Nxf2 39.Kxf2 Ra5 40.bxc4 Rxa2+ 41.Kf3 d2 42.Rd1 Rd8 43.Bd5 Bd6
44.Ke2 Bb4 45.Re5 g6 46.Re6 Kg7 47.Rb1 Rb8 48.Be4 Kf7 49.Bd5 Kg7 50.c5 d1=Q+
51.Kxd1 Rd2+ 52.Kc1 Rxd5 53.Re5 Rxe5 54.fxe5 Ba3+ 55.Kc2 Rxb1 56.Kxb1 Bxc5
57.Kc2 Bf2  0-1

[Event "MK Cafe op-A"]
[Site "Koszalin"]
[Date "1997.08.07"]
[Round "6"]
[White "Novikov, Yury"]
[Black "Raudive, Aivars"]
[Result "1-0"]
[WhiteElo "2370"]
[BlackElo "2210"]

1.e4 c5 2.Ne2 Nc6 3.Nbc3 d6 4.d4 cxd4 5.Nxd4 Nf6 6.g3 g6 7.Nde2 h5 8.h3 Bd7
9.Bg2 Qc8 10.Nd5 Bg7 11.c3 O-O 12.Bg5 Re8 13.Nxf6+ exf6 14.Be3 Ne5 15.Bd4 f5
16.f4 Nc4 17.b3 Bxd4 18.Qxd4 Na3 19.O-O-O Bc6 20.Kb2 Nb5 21.Qd2 Bxe4 22.Bxe4 Rxe4
23.Rhe1 Qc5 24.c4 Nc7 25.Nc3 Rxe1 26.Rxe1 Rd8 27.Rd1 b5 28.cxb5 Nxb5 29.Nd5 Kh7
30.Rc1 Qa3+ 31.Kb1 a6 32.g4 fxg4 33.hxg4 Kg7 34.gxh5 Rh8 35.hxg6 fxg6 36.Qe2 Rf8
37.Rh1 Qc5 38.Qe7+ Rf7 39.Qh4 Nc3+ 40.Nxc3 Qf5+ 41.Kb2  1-0

[Event "Montecatini Terme op"]
[Site "Montecatini Terme"]
[Date "1997.08.08"]
[Round "6"]
[White "Barendse, Ted"]
[Black "De Kleuver, Esther"]
[Result "1-0"]
[WhiteElo "2200"]
[BlackElo "2180"]

1.e4 c5 2.Nc3 Nc6 3.Nge2 d6 4.d4 cxd4 5.Nxd4 e6 6.Be3 Nf6 7.Bc4 Be7 8.Qe2 O-O
9.O-O-O a6 10.Bb3 Qe8 11.g4 Nd7 12.g5 Nc5 13.Rhg1 Bd7 14.Qh5 Nxb3+ 15.axb3 f5
16.Qxe8 Raxe8 17.exf5 Nxd4 18.f6 Nf5 19.fxe7 Rxe7 20.Ne4 Nxe3 21.fxe3 d5
22.Nc5 Bb5 23.Rg2 Rf3 24.Kd2 Bf1 25.Rg1 Rf2+ 26.Kc1 Bh3 27.Rd2 Ref7 28.Nd3 Rxd2
29.Kxd2 Bf5 30.Ne5 Rc7 31.Rc1 Kf8 32.c4 Ke7 33.c5 Rc8 34.b4 h6 35.h4 hxg5
36.hxg5 Rh8 37.c6 Rh2+ 38.Kc3 bxc6 39.Nxc6+ Kd6 40.Nd4 Be4 41.Ra1 e5 42.Rxa6+ Kd7
43.Ra7+ Kd6 44.Ra6+ Kd7 45.Ne6 d4+ 46.Kc4 Bf3 47.Nc5+ Kc8 48.Re6 Be2+ 49.Kd5 d3
50.Kc6 Rh8 51.Rd6 Bf3+ 52.Kb6 e4 53.Nb7 Re8 54.b5 Bg4 55.Nc5 Bd1 56.Kc6 Bc2
57.b6 Re7 58.b7+  1-0

[Event "FRA-ch"]
[Site "Narbonne"]
[Date "1997.08.15"]
[Round "1"]
[White "Lepelletier, Benoit"]
[Black "Relange, Eloi"]
[Result "0-1"]
[WhiteElo "2480"]
[BlackElo "2505"]

1.e4 c5 2.Ne2 Nc6 3.Nbc3 d6 4.g3 g6 5.d4 cxd4 6.Nxd4 Bg7 7.Nde2 b5 8.Nxb5 Bg4
9.Bg2 Qa5+ 10.Nbc3 Nd4 11.O-O Qh5 12.Re1 Rc8 13.Be3 Nxe2+ 14.Nxe2 Bxb2 15.Rb1 Bg7
16.Qd2 Bxe2 17.Qxe2 Qxe2 18.Rxe2 Rc7 19.f4 e5 20.fxe5 Bxe5 21.Rb8+ Ke7 22.Ra8 Kf6
23.Rd2 Kg7 24.Rxa7 Rxa7 25.Bxa7 Nf6 26.Bd4 Rb8 27.c3 h5 28.Bf3 Nd7 29.Kf2 Kf6
30.Ke3 Nc5 31.Bxe5+ dxe5 32.Rd6+ Ke7 33.Rd5 Ne6 34.Bd1 Rb2 35.Rd2 Rb1 36.Rd5 Nc7
37.Rd3 Nb5 38.Bb3 Re1+ 39.Kd2 Rxe4  0-1

[Event "FRA-ch"]
[Site "Narbonne"]
[Date "1997.08.24"]
[Round "9"]
[White "Lepelletier, Benoit"]
[Black "Koch, Jean Rene"]
[Result "1/2-1/2"]
[WhiteElo "2480"]
[BlackElo "2495"]

1.e4 c5 2.Ne2 Nc6 3.Nbc3 g6 4.d4 cxd4 5.Nxd4 Bg7 6.Nde2 Nf6 7.g3 d6 8.Bg2 Bd7
9.h3 Qc8 10.b3 O-O 11.Bb2 Ne8 12.Qc1 Nc7 13.a3 e6 14.f4 Re8 15.Qd2 d5 16.e5 b5
17.Nd4 Nxd4 18.Qxd4 Na6 19.h4 Qc5  1/2-1/2

[Event "ST Lee Cup 4th"]
[Site "Beijing"]
[Date "1997.08.25"]
[Round "3"]
[White "Landa, Konstantin"]
[Black "Wang Yuemin"]
[Result "1-0"]
[WhiteElo "2560"]
[BlackElo "2280"]

1.e4 c5 2.Nc3 Nc6 3.Nge2 e5 4.Nd5 Nf6 5.Nec3 Nxd5 6.Nxd5 g6 7.Bc4 Bg7 8.d3 d6
9.h4 h6 10.h5 g5 11.Ne3 Be6 12.Bd5 Bxd5 13.Nxd5 Ne7 14.Ne3 Qd7 15.Qf3 Rf8
16.g4 O-O-O 17.O-O d5 18.a3 d4 19.Nc4 f5 20.exf5 Nxf5 21.gxf5 Kb8 22.Qg4 Qc8
23.Nd2 Rxf5 24.Ne4  1-0

[Event "FRA-ch"]
[Site "Narbonne"]
[Date "1997.08.30"]
[Round "15"]
[White "Lepelletier, Benoit"]
[Black "Degraeve, Jean Marc"]
[Result "0-1"]
[WhiteElo "2480"]
[BlackElo "2540"]

1.e4 c5 2.Ne2 Nc6 3.Nbc3 g6 4.d4 cxd4 5.Nxd4 Bg7 6.Be3 Nf6 7.Bc4 O-O 8.Bb3 d6
9.f3 Bd7 10.Qd2 Rc8 11.h4 h5 12.O-O-O Ne5 13.Bh6 Bxh6 14.Qxh6 Rxc3 15.bxc3 Qc7
16.Kb1 b5 17.f4 Nc4 18.f5 Qa5 19.Rd3 Qa3 20.Qc1 Qxc1+ 21.Kxc1 Nxe4 22.Rf1 Kg7
23.a4 a6 24.axb5 axb5 25.Bxc4 bxc4 26.Re3 d5 27.fxg6 f5 28.Ne2 Ra8 29.Kb2 e5
30.Ng3 Kxg6 31.Nxe4 fxe4 32.Rd1 Ra5 33.Rf1 Bf5 34.Rg3+ Bg4 35.Re3 Ra8 36.Rf2 Re8
37.Kc1 Ra8 38.Rd2 Ra5 39.Kb2 Kf6 40.Rf2+ Ke7 41.Re1 Ra8 42.Kb1 Be6 43.Kc1 Rg8
44.Kd2 Rg3 45.Rfe2 Bf5  0-1

[Event "SVK-TUN"]
[Site "Prievidza"]
[Date "1997.09.08"]
[Round "1"]
[White "Doghri, Nabil"]
[Black "Mrva, Martin"]
[Result "1-0"]
[WhiteElo "2340"]
[BlackElo "2395"]

1.e4 c5 2.Nf3 Nc6 3.Nc3 Nd4 4.Bc4 e6 5.Nxd4 cxd4 6.Ne2 Nf6 7.d3 Bc5 8.O-O d5
9.Bb5+ Bd7 10.Bxd7+ Qxd7 11.e5 Ng4 12.Bf4 h5 13.Nc1 f6 14.Nb3 Bb6 15.Re1 g5
16.Bd2 Qc7 17.Qf3 Rh6 18.Qh3 Qf7 19.Re2 Kd7 20.a4 a6 21.a5 Ba7 22.Ra4 fxe5
23.Bxg5 Rh7 24.Rb4 Kc6 25.Qf3 Qg6 26.Bh4 Rf7 27.Qg3 Raf8 28.h3 Rxf2 29.Rxf2 Rxf2
30.hxg4 Rxc2 31.Qxe5 Qf7 32.Bg3 Qe7 33.Nxd4+ Bxd4+ 34.Qxd4 b5 35.Qb6+ Kd7
36.Qb7+ Kd8 37.Qxe7+ Kxe7 38.gxh5 Kf6 39.Rg4 e5 40.h6 Rc7 41.Rg7 Rc1+ 42.Kh2  1-0

[Event "Banicky Kahanec"]
[Site "Prievidza"]
[Date "1997.09.08"]
[Round "1"]
[White "Pisk, Petr"]
[Black "Manik, Mikulas"]
[Result "1/2-1/2"]
[WhiteElo "2340"]
[BlackElo "2465"]

1.e4 c5 2.Nf3 Nc6 3.Nc3 d6 4.d4 cxd4 5.Nxd4 Nf6 6.Be2 g6 7.Be3 Bg7 8.O-O O-O
9.Kh1 Nxd4 10.Bxd4 Be6 11.f4 Rc8 12.Bf3 a6 13.a4 Nd7 14.Bxg7 Kxg7 15.e5 dxe5
16.Bxb7 Rb8 17.Bxa6 Rxb2 18.Bb5 exf4 19.Nd5 Nf6 20.Nxf4 Qc7 21.Nxe6+ fxe6
22.Bd3 e5 23.Qe1 e4 24.Bxe4 Ng4 25.Qh4 Rxf1+ 26.Rxf1 h5  1/2-1/2

[Event "EU-ch U20"]
[Site "Tallinn"]
[Date "1997.09.12"]
[Round "3"]
[White "Hnydiuk, Aleksander"]
[Black "Tyomkin, Dimitri"]
[Result "0-1"]
[WhiteElo "2375"]
[BlackElo "2390"]

1.e4 c5 2.Nc3 Nc6 3.Bb5 Nd4 4.Bc4 e6 5.Nf3 Ne7 6.Nxd4 cxd4 7.Ne2 Nc6 8.d3 g6
9.O-O Bg7 10.a4 O-O 11.Bd2 b6 12.b4 a5 13.b5 Ne7 14.Bb3 d5 15.f3 e5 16.Bg5 f6
17.Bc1 Be6 18.Ba3 Bf7 19.exd5 Re8 20.c4 dxc3 21.d6 Nd5 22.Nxc3 Nxc3 23.Bxf7+ Kxf7
24.Qb3+ Re6 25.Qxc3 Bf8 26.Qc7+ Kg8 27.Qc4 Qd7 28.d4 Rc8 29.Qd5 Bxd6 30.Rfc1 Rxc1+
31.Rxc1 exd4 32.Kf1 Qf7 33.Qa8+ Kg7 34.Bxd6 Rxd6 35.Qb8 Rd7 36.Qxb6 d3 37.Qe3 d2
38.Rd1 Qc4+ 39.Kf2 Qxa4 40.Rxd2 Rxd2+ 41.Qxd2 Qxb5 42.Qd8 Qc5+ 43.Kg3 Qa7
44.Qd6 a4 45.Qa3 Qd7 46.h4 Kf7 47.Qc5 Ke6 48.Qc4+ Kd6 49.Qd4+ Kc7 50.Qa7+ Kd8
51.Qa8+ Ke7 52.Qe4+ Kf7 53.Qc4+ Kg7 54.Qc5 h5 55.Kh2 Qb7 56.Qa5 Qc6 57.Qa7+ Kf8
58.Kg1 Qc1+ 59.Kf2 Qd2+ 60.Kf1 Qd3+ 61.Kf2 a3 62.Qc5+ Kf7 63.Qc7+ Ke6 64.Qc8+ Ke7
65.Qb7+ Qd7 66.Qb4+ Qd6 67.Qb7+ Ke6 68.Qe4+ Kd7 69.Qa4+ Ke7 70.Qa7+ Kf8 71.Qa8+ Kf7
72.Qa7+ Qe7 73.Qa5 Kg7 74.Qa4 Qc5+ 75.Ke2 Qe5+ 76.Kd3 Qd5+ 77.Kc3 a2 78.Qa7+ Kh6
79.Kb2 Qd2+ 80.Ka1 Qc2 81.Qe3+ g5 82.hxg5+ Kg6 83.Qe8+ Kxg5 84.Qe3+ Kf5 85.g4+ hxg4
86.fxg4+ Kg6 87.Qe8+ Kg5 88.Qe3+ Kh4 89.Qe1+ Kh3 90.Qh1+ Kg3 91.Qg1+ Kf3
92.Qf1+ Ke3 93.Qe1+ Kf4 94.Qf1+ Kg5 95.Qb5+ Kh4 96.Qg5+ Kg3 97.Qe3+ Kg2 98.Qe1 Qb1+
99.Qxb1 axb1=Q+ 100.Kxb1 Kg3 101.Kc2 Kxg4 102.Kd2 Kf3 103.Ke1 f5  0-1

[Event "EU-ch U20"]
[Site "Tallinn"]
[Date "1997.09.14"]
[Round "5"]
[White "Hnydiuk, Aleksander"]
[Black "Papazov, Ivajlo"]
[Result "1/2-1/2"]
[WhiteElo "2375"]
[BlackElo "2240"]

1.e4 c5 2.Nc3 Nc6 3.Bb5 e6 4.Bxc6 bxc6 5.d3 Ne7 6.f4 Ng6 7.e5 d5 8.exd6 Bxd6
9.Qf3 O-O 10.Nge2 e5 11.O-O exf4 12.Nxf4 Qb6 13.Kh1 Nxf4 14.Bxf4 Bxf4 15.Na4 Qb4
16.Qxf4 Be6 17.b3 Rad8 18.Rae1 Qa3 19.Qe5 c4 20.Qb2 Qxb2 21.Nxb2 cxd3 22.Nxd3 Rfe8
23.Kg1 f6 24.Rf4 Bf7 25.Rxe8+ Rxe8 26.Kf2 Bg6  1/2-1/2

[Event "ASA Masters-Juniors"]
[Site "Tel Aviv"]
[Date "1997.09.15"]
[Round "8"]
[White "Bitansky, Igor"]
[Black "Tsesarsky, Ilya"]
[Result "1/2-1/2"]
[WhiteElo "2165"]
[BlackElo "2445"]

1.e4 c5 2.Nf3 Nc6 3.Nc3 g6 4.d4 cxd4 5.Nxd4 Bg7 6.Be3 Qb6 7.Ndb5 Bxc3+ 8.bxc3 Qa5
9.Bd2 d6 10.c4 Qd8 11.Bc3 f6 12.c5 dxc5 13.Bc4 Qxd1+ 14.Rxd1 Kf8 15.O-O Nh6
16.Nc7 Rb8 17.e5 Kg7 18.exf6+ exf6 19.Rfe1 Bf5 20.Ne6+ Bxe6 21.Rxe6 Nd4  1/2-1/2

[Event "EU-ch U20"]
[Site "Tallinn"]
[Date "1997.09.20"]
[Round "11"]
[White "Hnydiuk, Aleksander"]
[Black "Menkinovski, Riste"]
[Result "1-0"]
[WhiteElo "2375"]
[BlackElo "2195"]

1.e4 c5 2.Nc3 Nc6 3.Bb5 g6 4.Bxc6 bxc6 5.d3 Bg7 6.f4 d6 7.Nf3 e6 8.O-O Ne7
9.Qe1 Ba6 10.b3 Rb8 11.Kh1 O-O 12.Ba3 Re8 13.e5 Qa5 14.Na4 Qd8 15.exd6 Qxd6
16.Ne5 Nd5 17.Bxc5 Qc7 18.g3 g5 19.Bd4 gxf4 20.gxf4 f6 21.Ng4 h5 22.Ne3 e5
23.fxe5 fxe5 24.Bb2 Nxe3 25.Qxe3 c5 26.Nc3 e4 27.Nd5 exd3 28.Qg5 Bb7 29.Rg1 Re7
30.Rg2 Rbe8 31.Rag1 Re1 32.Bxg7 Rxg1+ 33.Rxg1 Qf7 34.Bf8+ Kh7 35.Qh6+  1-0

[Event "COOP XXIII"]
[Site "Buenos Aires"]
[Date "1997.09.27"]
[Round "3"]
[White "De Dovitiis, Alejo"]
[Black "Alonso, Salvador"]
[Result "0-1"]
[WhiteElo "2340"]
[BlackElo "2395"]

1.e4 c5 2.Nf3 Nc6 3.Nc3 g6 4.d4 cxd4 5.Nxd4 Bg7 6.Be3 d6 7.Qd2 Nf6 8.f3 O-O
9.O-O-O Nxd4 10.Bxd4 Be6 11.Kb1 Qc7 12.Nd5 Bxd5 13.exd5 Rfc8 14.Rc1 a6 15.g4 b5
16.g5 Nh5 17.Bxg7 Nxg7 18.Bh3 Re8 19.Bg4 f5 20.gxf6 exf6 21.h4 f5 22.h5 Qe7
23.hxg6 hxg6 24.Bh3 Kf7 25.Rcg1 Rh8 26.Re1 Qf6 27.f4 Rae8 28.Rxe8 Rxe8 29.Bg2 Qe7
30.Bf3 Qe3 31.Qxe3 Rxe3 32.Rf1 Nh5 33.Bxh5 gxh5 34.Kc1 h4 35.Rh1 h3 36.Kd2 Rg3
37.a3  0-1

[Event "ESP-ch"]
[Site "Torrevieja"]
[Date "1997.10.03"]
[Round "6"]
[White "Suarez, Diego"]
[Black "Perpinya Rofes, Lluis Maria"]
[Result "1/2-1/2"]
[WhiteElo "2385"]
[BlackElo "2280"]

1.e4 c5 2.Nc3 Nc6 3.Nf3 d6 4.d4 cxd4 5.Nxd4 e6 6.Bc4 Nf6 7.Be3 a6 8.Qe2 Qc7
9.O-O-O Na5 10.Bb3 Be7 11.g4 b5 12.g5 Nxb3+ 13.axb3 Nd7 14.Nf5 exf5 15.Nd5 Qc6
16.exf5 Ne5 17.f4 Bxf5 18.Nxe7 Kxe7 19.fxe5 Rac8 20.exd6+ Kd7 21.Rhf1 Qxc2+
22.Qxc2 Rxc2+ 23.Kb1 Rf2+ 24.Ka2 Rxf1 25.Rxf1 g6 26.Bf4 Rc8 27.Rf3 b4 28.Re3 Be6
29.Re5 Rc2 30.Kb1 Rc6 31.Re3 Rc5 32.Re5 Rxe5 33.Bxe5 Bxb3 34.Bg3 Kc6 35.Kc1 Kd7
36.Be5 Be6  1/2-1/2

[Event "AUT-chT2S 9798"]
[Site "Austria"]
[Date "1997.10.05"]
[Round "2"]
[White "Cigan, Stefan"]
[Black "Postl, Anton"]
[Result "1/2-1/2"]
[WhiteElo "2380"]
[BlackElo "2275"]

1.e4 c5 2.Nc3 Nc6 3.Nf3 g6 4.d4 cxd4 5.Nxd4 Bg7 6.Be3 Nf6 7.Bc4 O-O 8.Bb3 Qa5
9.O-O d6 10.h3 Bd7 11.f4 Nxd4 12.Bxd4 Bc6 13.Nd5 Bxd5 14.exd5 Nd7 15.Bxg7 Kxg7
16.Qf3 Qc5+ 17.Kh2 a5 18.a4 Qd4 19.Qe2  1/2-1/2

[Event "ESP-ch"]
[Site "Torrevieja"]
[Date "1997.10.05"]
[Round "8"]
[White "Suarez, Diego"]
[Black "Martinez Martin, David"]
[Result "0-1"]
[WhiteElo "2385"]
[BlackElo "2180"]

1.e4 c5 2.Nc3 Nc6 3.Nf3 g6 4.d4 cxd4 5.Nxd4 Bg7 6.Be3 d6 7.Qd2 Nf6 8.f3 O-O
9.Bc4 Bd7 10.O-O-O Ne5 11.Bb3 Rc8 12.h4 h5 13.Bg5 Rc5 14.Kb1 b5 15.g4 a5
16.Bxf6 Bxf6 17.gxh5 a4 18.hxg6 axb3 19.h5 bxc2+ 20.Kxc2 Qa5 21.Qh6 Rxc3+
22.Kb1 Ra8 23.bxc3 Qxa2+ 24.Kc1 Qa1+ 25.Kd2 Ra2+ 26.Ke3 Qxc3+ 27.Kf4 Nxg6+
28.hxg6 Be5+ 29.Kg5 Rg2+  0-1

[Event "Budapest FS10 IM-A"]
[Site "Budapest"]
[Date "1997.10.06"]
[Round "2"]
[White "Ashley, Maurice"]
[Black "Cao Sang"]
[Result "1-0"]
[WhiteElo "2445"]
[BlackElo "2515"]

1.e4 c5 2.Nf3 Nc6 3.Nc3 g6 4.Bb5 Bg7 5.O-O e5 6.d3 Nge7 7.Nd2 O-O 8.Nc4 d6
9.Ne3 f5 10.Bc4+ Kh8 11.Ned5 f4 12.f3 g5 13.Nxe7 Nxe7 14.g4 fxg3 15.hxg3 Ng6
16.Kg2 h5 17.Rh1 h4 18.f4 Nxf4+ 19.gxf4 g4 20.f5 Rxf5 21.exf5 Bxf5 22.Be3 h3+
23.Kh2 Bf6 24.Rg1 Qd7 25.Qd2  1-0

[Event "ESP-ch"]
[Site "Torrevieja"]
[Date "1997.10.06"]
[Round "9"]
[White "Sanchez Guirado, Francisco"]
[Black "Bordell Rosell, Roman"]
[Result "1-0"]
[WhiteElo "2380"]
[BlackElo "2270"]

1.e4 c5 2.Nc3 Nc6 3.Nge2 Nd4 4.Nf4 e6 5.g3 Ne7 6.Bg2 h5 7.O-O h4 8.d3 Nec6
9.Be3 a6 10.a4 Qc7 11.Na2 Ne5 12.c3 Ndc6 13.Nh3 hxg3 14.hxg3 Be7 15.Qe2 d6
16.b4 Ng6 17.f4 e5 18.f5 Nf8 19.Kf2 Bd7 20.Rh1 O-O-O 21.Ng5 Rxh1 22.Rxh1 Bxg5
23.Bxg5 f6 24.Be3 Nb8 25.Qc2 Qc6 26.a5 Be8 27.Qb3 Qc7 28.Qa3 Nbd7 29.c4 Bf7
30.Nc3 cxb4 31.Qxb4 Nc5 32.Bf1 Nfd7 33.Nd5 Bxd5 34.cxd5 Kb8 35.Be2 Rc8 36.Qa3 Ka8
37.Kf3 Rg8 38.Bd2 Qc8 39.Bb4 Qe8 40.Qc1 g6 41.g4 gxf5 42.gxf5 Nb3 43.Qh6 Nd4+
44.Kf2 Nxe2 45.Kxe2 Nb8 46.Kf3 Qb5 47.Qd2 Qd7 48.Qh6 Qb5 49.Qd2 Qd7 50.Rh6 Rg1
51.Rxf6 Qg7 52.Rg6 Rxg6 53.fxg6 Qxg6 54.Qg2 Qh5+ 55.Kf2 Qh4+ 56.Qg3 Qf6+
57.Ke2 Qh6 58.Qg8 Ka7 59.Qg1+ Ka8 60.Qb6 Qh2+ 61.Kd1 Qh1+ 62.Kc2 Qg2+ 63.Bd2 Nd7
64.Qd8+ Nb8 65.Qxd6 Qg7 66.Qb6 Nd7 67.Qd8+ Nb8 68.Be3 Qg2+ 69.Kc3 b6 70.Qc7 Qa2
71.axb6 Qa5+ 72.Kc2 Qa4+ 73.Kd2 Qa2+ 74.Kd1 Qb1+ 75.Ke2  1-0

[Event "AUT-chT 9798"]
[Site "Austria"]
[Date "1997.10.12"]
[Round "1"]
[White "Watzka, Horst"]
[Black "Petschar, Kurt"]
[Result "1/2-1/2"]
[WhiteElo "2370"]
[BlackElo "2270"]

1.e4 c5 2.Nc3 Nc6 3.Bb5 Nd4 4.a4 g6 5.Nf3 Bg7 6.d3 e6 7.O-O Ne7 8.Re1 O-O
9.Bg5 h6 10.Bh4 g5 11.Bg3 d5 12.a5 f5 13.exf5 Nexf5 14.Nxd4 cxd4 15.Nb1 a6
16.Ba4 Nxg3 17.fxg3 Qxa5 18.Nd2 b5 19.Bb3 Qd8 20.Qe2 Ra7 21.Rf1 Raf7 22.Rxf7 Rxf7
23.Nf3 a5 24.Ne5 Bxe5 25.Qxe5 a4 26.Ba2 Qf6 27.Qe2 Bd7 28.Re1 Kg7 29.h3 Kg6
30.Bb1 Kg7 31.Ba2 Kg6 32.Bb1 Kg7 33.Ba2 Rf8 34.Bb1 Rf7 35.Ba2 Kf8 36.Bb1 Bc8
37.Qd2 Kg7 38.Qe2 Bd7 39.Ba2 Kh7 40.Bb1 Kg8 41.Ba2 Bc8 42.Bb1 Qe7 43.Rc1 b4
44.Re1 Qd6 45.Qg4 Bd7 46.Ba2 e5 47.Qe2 Re7 48.Rf1 Be6 49.h4 gxh4  1/2-1/2

[Event "AUT-chT 9798"]
[Site "Austria"]
[Date "1997.10.13"]
[Round "2"]
[White "Pilz, Dieter"]
[Black "Wiedner, Robert"]
[Result "1-0"]
[WhiteElo "2250"]
[BlackElo "2230"]

1.e4 c5 2.Nc3 Nc6 3.Nf3 e5 4.Bc4 Be7 5.d3 d6 6.h3 a6 7.a4 h6 8.Nh2 Bg5 9.Ng4 Bxc1
10.Rxc1 Nd4 11.Ne3 Ne7 12.Ncd5 Nxd5 13.Bxd5 Ne6 14.c3 Nf4 15.Bc4 O-O 16.h4 b5
17.Ba2 g6 18.g3 Nh5 19.axb5 axb5 20.Bd5 Ra7 21.Qd2 Kh7 22.d4 Qf6 23.dxe5 dxe5
24.Qe2 Qb6 25.Rd1 c4 26.Kf1 Ra2 27.Kg2 Qc7 28.Rd2 Ng7 29.Rhd1 f5 30.exf5 gxf5
31.Kh2 Ra6 32.Bg2 e4 33.Nd5 Qf7 34.Nf4 Ne6 35.Qe3 Re8 36.Rd5 Nc7 37.Rd6 Rxd6
38.Rxd6 Ne6 39.Rb6 Bd7 40.Rb7 Nf8 41.Qa7 Re7 42.Qc5 Ne6 43.Nxe6 Qxe6 44.Bh3 Rf7
45.Qd4 Qe8 46.Rxd7  1-0

[Event "Owens Corning"]
[Site "Wrexham"]
[Date "1997.10.17"]
[Round "4"]
[White "Lane, Gary W"]
[Black "Bellin, Robert"]
[Result "1/2-1/2"]
[WhiteElo "2420"]
[BlackElo "2400"]

1.e4 c5 2.Nc3 Nc6 3.Nf3 d6 4.d4 cxd4 5.Nxd4 Nf6 6.f4 e5 7.Nf3 Be7 8.Bd3 O-O
9.O-O exf4 10.Bxf4 Ne5 11.Qe1 Ng6 12.Bd2 Re8 13.Qf2 Ng4 14.Qg3 Bf6 15.Kh1 Be6
16.Nd5 Be5 17.Nxe5 N4xe5 18.Rae1 Rc8 19.Bc3 a6 20.Rd1 b5 21.a4 Bxd5 22.exd5 Nxd3
23.Qxd3 Qd7 24.axb5 axb5 25.Rde1 Ne5 26.Qg3 Rc5 27.Bxe5 dxe5 28.Rxe5 Rxe5
29.Qxe5 Rxd5 30.Qb8+ Qd8 31.Qxd8+  1/2-1/2

[Event "Nordic-ch VISA"]
[Site "Reykjavik"]
[Date "1997.10.21"]
[Round "12"]
[White "Hector, Jonny"]
[Black "Schandorff, Lars"]
[Result "1/2-1/2"]
[WhiteElo "2470"]
[BlackElo "2505"]

1.e4 c5 2.Nf3 Nc6 3.Nc3 e5 4.Bc4 d6 5.d3 Be7 6.Nd2 Bg5 7.h4 Bh6 8.Qh5 g6
9.Qd1 Nf6 10.Nf1 Bxc1 11.Qxc1 Be6 12.Ne3 Ne7 13.Qd2 O-O 14.h5 Nxh5 15.O-O-O Kg7
16.g4 Nf4 17.Ng2 g5 18.Nxf4 exf4 19.f3 Rh8 20.Bxe6 fxe6 21.d4 c4 22.e5 d5
23.Nb5 Qd7 24.Qb4 Nc6 25.Qa3 Nd8 26.Nd6 Nf7 27.Rde1 h6 28.Re2 b6 29.Qb4 Rad8
30.Nb5 a6 31.Nc3 Qc7 32.a4 Rhe8 33.Reh2 Rb8 34.Ne2 Qe7 35.Qxe7 Rxe7 36.Kd2 Ree8
37.b4 cxb3 38.cxb3 Rec8 39.Rc1 Kf8 40.Rhh1 Ke7 41.Nc3 Kd7 42.Na2 Rxc1  1/2-1/2

[Event "WchT 4th"]
[Site "Luzern"]
[Date "1997.10.30"]
[Round "6"]
[White "Short, Nigel D"]
[Black "Kotsur, Pavel"]
[Result "1/2-1/2"]
[WhiteElo "2660"]
[BlackElo "2500"]

1.e4 c5 2.Nc3 Nc6 3.Nge2 g6 4.d4 cxd4 5.Nxd4 Bg7 6.Be3 Nf6 7.Bc4 O-O 8.Bb3 a5
9.f3 d5 10.exd5 Nb4 11.Nde2 e6 12.O-O Nbxd5 13.Nxd5 Nxd5 14.Bxd5 exd5 15.Bd4 Bh6
16.Re1 Ra6 17.Nc3 Re6 18.Rxe6 Bxe6 19.Qe2 Bf4 20.Rd1 Qg5 21.Qf2 Rc8 22.g3 Rc4
23.Kh1 Be5 24.Nb5 Rb4 25.Qe2 Bxd4 26.Nxd4 Rxb2 27.Nxe6 fxe6 28.Qxe6+ Kg7
29.Qd7+ Kh6 30.Rxd5 Qc1+ 31.Rd1 Qxc2 32.Qh3+ Kg7 33.Rd7+ Kf8 34.Rd8+ Kg7  1/2-1/2

[Event "RUS-Cup01 Chigorin mem"]
[Site "St Petersburg"]
[Date "1997.11.02"]
[Round "2"]
[White "Lukin, Andrei M"]
[Black "Aleksandrov, Danila"]
[Result "1/2-1/2"]
[WhiteElo "2475"]
[BlackElo "2275"]

1.e4 c5 2.Nf3 Nc6 3.Nc3 e5 4.Bc4 d6 5.d3 Be7 6.O-O Bg4 7.h3 Be6 8.Bxe6 fxe6
9.Ne2 Nf6 10.Ng3 O-O 11.c3  1/2-1/2

[Event "RUS-Cup01 Chigorin mem"]
[Site "St Petersburg"]
[Date "1997.11.03"]
[Round "3"]
[White "Frolov, Denis"]
[Black "Tseitlin, Mark D"]
[Result "1/2-1/2"]
[WhiteElo "2325"]
[BlackElo "2530"]

1.e4 c5 2.Nf3 Nc6 3.Nc3 d6 4.d4 cxd4 5.Nxd4 Nf6 6.Bc4 e6 7.Be3 Be7 8.Qe2 Bd7
9.O-O-O Rc8 10.Nxc6 bxc6 11.g4 d5 12.g5 Nxe4 13.Nxe4 dxe4 14.Rd4 c5 15.Rxe4 Bc6
16.Rd1 Qb6 17.Rh4 g6 18.Bd2 O-O 19.Bxe6 Bf3 20.Qxf3 Qxe6 21.Qb3 c4 22.Qc3 Rfd8
23.Rd4 Bc5 24.Rxc4 Bxf2 25.Rxc8 Rxc8 26.Qb3 Qe5 27.Bc3 Qxg5+ 28.Kb1 Rd8 29.Rxd8+ Qxd8
30.a3 Bd4 31.Bxd4 Qxd4 32.c4 h5 33.Qc2 Kf8 34.c5 Ke7 35.b4 Qe3 36.Kb2 g5
37.Qg2 Qd4+ 38.Kb3 Qd3+ 39.Kb2 Qd4+ 40.Kb3 Qd3+  1/2-1/2